<?xml version="1.0" encoding="UTF-8"?>
<record
    xmlns:xsi="http://www.w3.org/2001/XMLSchema-instance"
    xsi:schemaLocation="http://www.loc.gov/MARC21/slim http://www.loc.gov/standards/marcxml/schema/MARC21slim.xsd"
    xmlns="http://www.loc.gov/MARC21/slim">

  <leader>00889nam a2200289Ia 4500</leader>
  <datafield tag="952" ind1=" " ind2=" ">
    <subfield code="0">0</subfield>
    <subfield code="1">0</subfield>
    <subfield code="2">LCC</subfield>
    <subfield code="4">0</subfield>
    <subfield code="7">0</subfield>
    <subfield code="a">GETS</subfield>
    <subfield code="b">GETS</subfield>
    <subfield code="c">GEN</subfield>
    <subfield code="d">2020-08-26</subfield>
    <subfield code="l">0</subfield>
    <subfield code="o">DD182 .Z55 2011 v.1</subfield>
    <subfield code="p">00008690</subfield>
    <subfield code="r">2020-08-26 00:00:00</subfield>
    <subfield code="w">2020-08-26</subfield>
    <subfield code="y">CB</subfield>
  </datafield>
  <datafield tag="952" ind1=" " ind2=" ">
    <subfield code="0">0</subfield>
    <subfield code="1">0</subfield>
    <subfield code="2">LCC</subfield>
    <subfield code="4">0</subfield>
    <subfield code="7">0</subfield>
    <subfield code="a">GETS</subfield>
    <subfield code="b">GETS</subfield>
    <subfield code="c">GEN</subfield>
    <subfield code="d">2021-02-24</subfield>
    <subfield code="l">0</subfield>
    <subfield code="o">DD182 .Z55 2011 v.2</subfield>
    <subfield code="p">00008691</subfield>
    <subfield code="r">2021-02-24 00:00:00</subfield>
    <subfield code="w">2021-02-24</subfield>
    <subfield code="y">CB</subfield>
  </datafield>
  <datafield tag="999" ind1=" " ind2=" ">
    <subfield code="c">21075</subfield>
    <subfield code="d">21075</subfield>
  </datafield>
  <controlfield tag="003">OSt</controlfield>
  <controlfield tag="005">20210224122533.0</controlfield>
  <controlfield tag="008">200826s9999||||xx |||||||||||||| ||und||</controlfield>
  <datafield tag="020" ind1=" " ind2=" ">
    <subfield code="a">7100082226</subfield>
  </datafield>
  <datafield tag="020" ind1=" " ind2=" ">
    <subfield code="a">9787100082228</subfield>
  </datafield>
  <datafield tag="040" ind1=" " ind2=" ">
    <subfield code="c">GETS</subfield>
  </datafield>
  <datafield tag="041" ind1=" " ind2=" ">
    <subfield code="a">chi</subfield>
    <subfield code="h">ger</subfield>
  </datafield>
  <datafield tag="050" ind1=" " ind2=" ">
    <subfield code="a">DD182</subfield>
    <subfield code="b">.Z55 2011</subfield>
  </datafield>
  <datafield tag="100" ind1=" " ind2=" ">
    <subfield code="a">Zimmermann, Wilhelm  </subfield>
  </datafield>
  <datafield tag="245" ind1=" " ind2="0">
    <subfield code="a">&#x4F1F;&#x5927;&#x7684;&#x5FB7;&#x56FD;&#x519C;&#x6C11;&#x6218;&#x4E89;</subfield>
    <subfield code="b">= Grosse Deutsche bauernkrieg /</subfield>
    <subfield code="c">&#x5A01;&#x5EC9;&#xB7;&#x621A;&#x7F8E;&#x5C14;&#x66FC; (Wilhelm Zimmermann) &#x8457;; &#x5317;&#x4EAC;&#x7F16;&#x8BD1;&#x793E;&#x8BD1;</subfield>
  </datafield>
  <datafield tag="246" ind1=" " ind2=" ">
    <subfield code="a">&#x5049;&#x5927;&#x7684;&#x5FB7;&#x570B;&#x8FB2;&#x6C11;&#x6230;&#x722D;</subfield>
    <subfield code="b"> /</subfield>
  </datafield>
  <datafield tag="260" ind1=" " ind2=" ">
    <subfield code="a">&#x5317;&#x4EAC;&#xFF1A;</subfield>
    <subfield code="b">&#x5546;&#x52A1;&#x5370;&#x4E66;&#x9986;,</subfield>
    <subfield code="c">2011</subfield>
  </datafield>
  <datafield tag="300" ind1=" " ind2=" ">
    <subfield code="a">2 v.</subfield>
    <subfield code="b">;</subfield>
    <subfield code="c">21 cm.</subfield>
  </datafield>
  <datafield tag="490" ind1=" " ind2=" ">
    <subfield code="a">&#x6C49;&#x8BD1;&#x4E16;&#x754C;&#x5B66;&#x672F;&#x540D;&#x8457;&#x4E1B;&#x4E66;</subfield>
  </datafield>
  <datafield tag="500" ind1=" " ind2=" ">
    <subfield code="a">Translation of: Grosse Deutsche bauernkrieg.</subfield>
  </datafield>
  <datafield tag="650" ind1=" " ind2=" ">
    <subfield code="a">Peasants' War, 1525-.</subfield>
  </datafield>
  <datafield tag="650" ind1=" " ind2=" ">
    <subfield code="a">Peasants' War.</subfield>
  </datafield>
  <datafield tag="700" ind1=" " ind2=" ">
    <subfield code="a">&#x5A01;&#x5EC9;&#xB7;&#x621A;&#x7F8E;&#x5C14;&#x66FC;</subfield>
  </datafield>
  <datafield tag="710" ind1=" " ind2=" ">
    <subfield code="a">&#x5317;&#x4EAC;&#x7F16;&#x8BD1;&#x793E;</subfield>
  </datafield>
  <datafield tag="942" ind1=" " ind2=" ">
    <subfield code="c">CB</subfield>
  </datafield>
  <datafield tag="949" ind1=" " ind2=" ">
    <subfield code="v">v.1</subfield>
  </datafield>
</record>
